| 000 | 00762nam a2200217Ia 4500 | ||
|---|---|---|---|
| 008 | 191130s2003##################000#0#eng## | ||
| 020 | _a9780231112222 | ||
| 022 | _a2003053086 | ||
| 040 |
_aACL _cACL |
||
| 082 | _a791.43658 ROL | ||
| 245 |
_aThe Columbia companion to American history on film: how the movies have portrayed the American past _cedited by Peter C. Rollins |
||
| 260 |
_aNew York _bColumbia University Press _c2003 |
||
| 300 | _axxi, 671 p. : ill. ; 26 cm | ||
| 500 | _aIncludes bibliographical references and index | ||
| 650 | _aUnited States - History - Miscellanea | ||
| 650 | _aUnited States - In motion pictures | ||
| 700 | _aRollins, Peter C | ||
| 990 | _ac560731eac10000c17aa6cfa741e9734 | ||
| 991 | _a359158 | ||
| 999 |
_c302649 _d302649 |
||